[Event "Bodensee op"]
[Site "Bregenz"]
[Date "2018.05.09"]
[Round "5"]
[White "Reitemann, Jonathan"]
[Black "Beshukov, Sergei"]
[Result "0-1"]
[WhiteElo "1882"]
[BlackElo "2402"]
[PlyCount "96"]
[EventDate "2018.05.05"]
[EventType "swiss"]
[EventRounds "9"]
[EventCountry "AUT"]
[SourceTitle "CBM 184 Extra"]
[Source "ChessBase"]
[SourceDate "2018.06.28"]
[SourceVersion "1"]
[SourceVersionDate "2018.06.28"]
[SourceQuality "1"]

1. e4 c5 2. Nf3 Nc6 3. Bb5 Na5 4. c3 a6 5. Ba4 b5 6. Bc2 d5 7. d4 dxe4 8. Bxe4 Bb7 9. Bxb7 Nxb7 10. Bf4 Nf6 11. Ne5 cxd4 12. cxd4 e6 13. 0-0 Rc8 14. a4 b4 15. a5 Nd6 16. Nd2 Be7 17. Nb3 Nb5 18. Rc1 Nd5 19. Bg3 0-0 20. Qd3 Rxc1 21. Rxc1 Qa8 22. Qf3 Bg5 23. Rc2 Qa7 24. h4 Bf6 25. Nc6 Qb7 26. Nxb4 Nxd4 27. Nxd4 Qxb4 28. Nc6 Qb5 29. Bd6 Re8 30. g3 Bxb2 31. Nb4 Bf6 32. Nxd5 Qb1+ 33. Kg2 Qxc2 34. Nxf6+ gxf6 35. Qg4+ Kh8 36. Qd4 Qc6+ 37. Kh2 e5 38. Qb4 Rc8 39. Qg4 Rg8 40. Qb4 Qf3 41. Qb6 Re8 42. Bc5 Rc8 43. Be3 Kg7 44. Qxa6 Rc2 45. Qb6 Re2 46. Qc5 Re1 47. Bh6+ Kg6 48. Qc2+ e4 0-1

[Event "Augsburg op"]
[Site "Augsburg"]
[Date "2013.12.29"]
[Round "5"]
[White "Heinze, Sabrina"]
[Black "Reitemann, Jonathan"]
[Result "1/2-1/2"]
[WhiteElo "889"]
[BlackElo "1460"]
[PlyCount "112"]
[EventDate "2013.12.27"]
[EventType "swiss"]
[EventRounds "7"]
[EventCountry "GER"]
[SourceTitle "CBM 158 Extra"]
[Source "ChessBase"]
[SourceDate "2014.02.28"]
[SourceVersion "1"]
[SourceVersionDate "2014.02.28"]
[SourceQuality "1"]

1. e4 c5 2. Nf3 e6 3. Be2 a6 4. d3 Nc6 5. 0-0 d6 6. Nc3 Nf6 7. Bg5 Be7 8. h3 0-0 9. Qd2 h6 10. Bxf6 Bxf6 11. Rfe1 b5 12. Rab1 Bb7 13. Nd1 Qc7 14. Ne3 Rad8 15. Ng4 Qe7 16. Nxf6+ Qxf6 17. Qc3 Qxc3 18. bxc3 Ba8 19. Red1 d5 20. exd5 exd5 21. d4 c4 22. Re1 f6 23. Nh4 Na7 24. Nf5 Nc8 25. Bf3 Rfe8 26. Bh5 Rxe1+ 27. Rxe1 Kh7 28. Bf3 Bc6 29. Bg4 Bd7 30. Ne3 Bxg4 31. Nxg4 Rd6 32. Re3 h5 33. Nh2 Nb6 34. Nf1 Kg6 35. Nd2 Kf7 36. Kf1 Re6 37. Ke1 Na4 38. Nb1 Rxe3+ 39. fxe3 Ke6 40. Kd2 Kf5 41. g3 g5 42. Ke2 Ke6 43. Kf3 f5 44. h4 gxh4 45. gxh4 Kf6 46. Kf4 Nb2 47. a3 a5 48. Kf3 Na4 49. Kf4 Nb6 50. Nd2 Nc8 51. Nf1 Nd6 52. Nd2 Ne4 53. Nxe4+ fxe4 54. Kg3 Kf5 55. Kh3 Kg6 56. Kg3 Kf5 1/2-1/2

[Event "Augsburg op"]
[Site "Augsburg"]
[Date "2013.12.29"]
[Round "6"]
[White "Reitemann, Jonathan"]
[Black "Groeger, Michael"]
[Result "1-0"]
[WhiteElo "1460"]
[BlackElo "1402"]
[PlyCount "33"]
[EventDate "2013.12.27"]
[EventType "swiss"]
[EventRounds "7"]
[EventCountry "GER"]
[SourceTitle "CBM 158 Extra"]
[Source "ChessBase"]
[SourceDate "2014.02.28"]
[SourceVersion "1"]
[SourceVersionDate "2014.02.28"]
[SourceQuality "1"]

1. e4 d6 2. d4 Nf6 3. Nc3 g6 4. Be3 a6 5. Qd2 b5 6. f3 Bb7 7. a3 c6 8. Bh6 Qb6 9. Bxf8 Rxf8 10. Nh3 Nbd7 11. 0-0-0 a5 12. f4 b4 13. Na4 bxa3 14. Nxb6 a2 15. c3 a1Q+ 16. Kc2 Qa2 17. Bc4 1-0

[Event "Augsburg op"]
[Site "Augsburg"]
[Date "2013.12.27"]
[Round "2"]
[White "Friedrich, Wolfgang"]
[Black "Reitemann, Jonathan"]
[Result "1-0"]
[WhiteElo "2031"]
[BlackElo "1460"]
[PlyCount "65"]
[EventDate "2013.12.27"]
[EventType "swiss"]
[EventRounds "7"]
[EventCountry "GER"]
[SourceTitle "CBM 158 Extra"]
[Source "ChessBase"]
[SourceDate "2014.02.28"]
[SourceVersion "1"]
[SourceVersionDate "2014.02.28"]
[SourceQuality "1"]

1. d4 Nf6 2. Nf3 e6 3. Bf4 b6 4. e3 Bb7 5. Bd3 c5 6. c3 Nc6 7. Nbd2 d6 8. h3 Be7 9. Qe2 h6 10. 0-0 0-0 11. g4 Nd7 12. Nc4 d5 13. Nd6 Bxd6 14. Bxd6 Re8 15. Ne5 Nf6 16. Nxc6 Qxd6 17. Ne5 Nd7 18. f4 cxd4 19. exd4 Nxe5 20. fxe5 Qe7 21. Rf3 Qg5 22. Raf1 Rf8 23. Kh2 Rac8 24. Kg3 h5 25. Rf4 h4+ 26. Kh2 Rc7 27. Bb1 a6 28. R4f3 b5 29. Qd3 g6 30. Rf6 Kg7 31. Qf3 Qd2+ 32. Rf2 Qc1 33. Bxg6 1-0